000 01026nam a2200241Ia 4500
003 Ost
005 20260507075803.0
008 260507s9999||||xx |||||||||||||| ||und||
020 _a9789961673195
040 _cfsecg
041 _aara
082 _a658.4
100 _aبن حمود، سكينة
_eمؤلف
245 0 _aمدخل للتسيير والعمليات الإدارية /
_c سكينة بن حمود
260 _aالجزائر :
_bشركة دار الأمة للطباعة والنشر والتوزيع,
_c2012
300 _a204 صفحة؛
_bإيضاحات ؛
_c23 سم
504 _aبيبليوغرافيا: ص ص.197-199
520 _aيضم عموميات حول طبيعة العمليات الإدارية، المدارس والنظريات الإدارية، التخطيط، التنظيم، التوجيه، الرقابة، إتخاذ القرارات.
653 _aإدارة الأعمال
653 _aالتخطيط
653 _aالرقابة الإدارية
942 _cكتاب
999 _c46339
_d46339